Crops by Country of Origin - Statistics

General Stats
  • This quiz has been taken 271 times
  • The average score is 23 of 34
Answer Stats
Hint Answer % Correct
Kiwi China
95%
Blueberry USA, Canada
95%
Apple Uzbekistan, China
95%
Orange China
94%
Peach China
94%
Lemon India, Burma, China
94%
Rhubarb China
93%
Mango India, Burma
93%
Corn Mexico
92%
Tomato Mexico
92%
Eggplant India
90%
Papaya Mexico
90%
Pineapple Brazil, Paraguay
89%
Broccoli Italy
86%
Blackcurrant Russia
86%
Strawberry France
85%
Pomegranate Iran
84%
Peas Syria, Turkey
84%
Potato Peru, Bolivia
80%
Lettuce Egypt
79%
Onion Egypt
79%
Cocoa Bean Venezuela, Colombia
74%
Coffee Ethiopia
65%
Figs Israel
60%
Tamarind Sudan
42%
Apricot Armenia
29%
Peanut Paraguay
29%
Grapes Georgia
28%
Cucumber Nepal
27%
Pear Switzerland
21%
Watermelon Namibia
18%
Pumpkin USA
6%
Carrot Afghanistan
4%
Banana Papua New Guinea
2%
No matching quizzes found
Score Distribution
Percent of People with Each Score
Percentile by Number Answered
Your Score History
You have not taken this quiz